<?xml version="1.0" encoding="UTF-8"?>
<record
    xmlns:xsi="http://www.w3.org/2001/XMLSchema-instance"
    xsi:schemaLocation="http://www.loc.gov/MARC21/slim http://www.loc.gov/standards/marcxml/schema/MARC21slim.xsd"
    xmlns="http://www.loc.gov/MARC21/slim">

  <leader>00531nam a22002057a 4500</leader>
  <controlfield tag="005">20260330170123.0</controlfield>
  <controlfield tag="008">260330b        |||||||| |||| 00| 0 eng d</controlfield>
  <datafield tag="020" ind1=" " ind2=" ">
    <subfield code="a">9789353430191</subfield>
  </datafield>
  <datafield tag="041" ind1=" " ind2=" ">
    <subfield code="a">eng</subfield>
  </datafield>
  <datafield tag="082" ind1=" " ind2=" ">
    <subfield code="a">658.8</subfield>
    <subfield code="b">HEM B22979</subfield>
  </datafield>
  <datafield tag="100" ind1=" " ind2=" ">
    <subfield code="a">Hemann C</subfield>
    <subfield code="9">217477</subfield>
  </datafield>
  <datafield tag="245" ind1=" " ind2=" ">
    <subfield code="a">Digital Marketing Analytics</subfield>
    <subfield code="c">2nd Ed.</subfield>
  </datafield>
  <datafield tag="250" ind1=" " ind2=" ">
    <subfield code="a">2nd Ed.</subfield>
  </datafield>
  <datafield tag="260" ind1=" " ind2=" ">
    <subfield code="a">Noida</subfield>
    <subfield code="b">Pearson India</subfield>
    <subfield code="c">2025</subfield>
  </datafield>
  <datafield tag="300" ind1=" " ind2=" ">
    <subfield code="a">252p</subfield>
  </datafield>
  <datafield tag="500" ind1=" " ind2=" ">
    <subfield code="a">Digital Marketing Analytics</subfield>
  </datafield>
  <datafield tag="500" ind1=" " ind2=" ">
    <subfield code="a">Marketing Management</subfield>
  </datafield>
  <datafield tag="700" ind1=" " ind2=" ">
    <subfield code="a">Burbary K</subfield>
    <subfield code="9">217478</subfield>
  </datafield>
  <datafield tag="942" ind1=" " ind2=" ">
    <subfield code="c">BK</subfield>
  </datafield>
  <datafield tag="999" ind1=" " ind2=" ">
    <subfield code="c">370825</subfield>
    <subfield code="d">370825</subfield>
  </datafield>
  <datafield tag="952" ind1=" " ind2=" ">
    <subfield code="0">0</subfield>
    <subfield code="1">0</subfield>
    <subfield code="2">ddc</subfield>
    <subfield code="4">0</subfield>
    <subfield code="7">0</subfield>
    <subfield code="a">HIMR</subfield>
    <subfield code="b">HIMR</subfield>
    <subfield code="d">2026-02-11</subfield>
    <subfield code="e">The Forward Books</subfield>
    <subfield code="g">530.00</subfield>
    <subfield code="i">25312</subfield>
    <subfield code="l">0</subfield>
    <subfield code="o">658.8 HEM B22979</subfield>
    <subfield code="p">HIMR-BK-22979</subfield>
    <subfield code="r">2026-03-30 17:03:37</subfield>
    <subfield code="v">386.90</subfield>
    <subfield code="w">2026-01-29</subfield>
    <subfield code="y">BK</subfield>
    <subfield code="z">B22979</subfield>
  </datafield>
  <datafield tag="952" ind1=" " ind2=" ">
    <subfield code="0">0</subfield>
    <subfield code="1">0</subfield>
    <subfield code="2">ddc</subfield>
    <subfield code="4">0</subfield>
    <subfield code="7">0</subfield>
    <subfield code="a">HIMR</subfield>
    <subfield code="b">HIMR</subfield>
    <subfield code="d">2026-02-11</subfield>
    <subfield code="e">The Forward Books</subfield>
    <subfield code="g">530.00</subfield>
    <subfield code="i">25312</subfield>
    <subfield code="l">0</subfield>
    <subfield code="o">658.8 HEM B22980</subfield>
    <subfield code="p">HIMR-BK-22980</subfield>
    <subfield code="r">2026-03-30 17:03:00</subfield>
    <subfield code="v">386.90</subfield>
    <subfield code="w">2026-01-29</subfield>
    <subfield code="y">BK</subfield>
    <subfield code="z">B22980</subfield>
  </datafield>
  <datafield tag="952" ind1=" " ind2=" ">
    <subfield code="0">0</subfield>
    <subfield code="1">0</subfield>
    <subfield code="2">ddc</subfield>
    <subfield code="4">0</subfield>
    <subfield code="7">0</subfield>
    <subfield code="a">HIMR</subfield>
    <subfield code="b">HIMR</subfield>
    <subfield code="d">2026-02-11</subfield>
    <subfield code="e">The Forward Books</subfield>
    <subfield code="g">530.00</subfield>
    <subfield code="i">25312</subfield>
    <subfield code="l">0</subfield>
    <subfield code="o">658.8 HEM B22981</subfield>
    <subfield code="p">HIMR-BK-22981</subfield>
    <subfield code="r">2026-03-30 17:03:37</subfield>
    <subfield code="v">386.90</subfield>
    <subfield code="w">2026-01-29</subfield>
    <subfield code="y">BK</subfield>
    <subfield code="z">B22981</subfield>
  </datafield>
  <datafield tag="952" ind1=" " ind2=" ">
    <subfield code="0">0</subfield>
    <subfield code="1">0</subfield>
    <subfield code="2">ddc</subfield>
    <subfield code="4">0</subfield>
    <subfield code="7">0</subfield>
    <subfield code="a">HIMR</subfield>
    <subfield code="b">HIMR</subfield>
    <subfield code="d">2026-02-11</subfield>
    <subfield code="e">The Forward Books</subfield>
    <subfield code="g">530.00</subfield>
    <subfield code="i">25312</subfield>
    <subfield code="l">0</subfield>
    <subfield code="o">658.8 HEM B22982</subfield>
    <subfield code="p">HIMR-BK-22982</subfield>
    <subfield code="r">2026-03-30 17:03:00</subfield>
    <subfield code="v">386.90</subfield>
    <subfield code="w">2026-01-29</subfield>
    <subfield code="y">BK</subfield>
    <subfield code="z">B22982</subfield>
  </datafield>
  <datafield tag="952" ind1=" " ind2=" ">
    <subfield code="0">0</subfield>
    <subfield code="1">0</subfield>
    <subfield code="2">ddc</subfield>
    <subfield code="4">0</subfield>
    <subfield code="7">0</subfield>
    <subfield code="a">HIMR</subfield>
    <subfield code="b">HIMR</subfield>
    <subfield code="d">2026-02-11</subfield>
    <subfield code="e">The Forward Books</subfield>
    <subfield code="g">530.00</subfield>
    <subfield code="i">25312</subfield>
    <subfield code="l">0</subfield>
    <subfield code="o">658.8 HEM B22983</subfield>
    <subfield code="p">HIMR-BK-22983</subfield>
    <subfield code="r">2026-03-30 17:03:00</subfield>
    <subfield code="v">386.90</subfield>
    <subfield code="w">2026-01-29</subfield>
    <subfield code="y">BK</subfield>
    <subfield code="z">B22983</subfield>
  </datafield>
</record>
